000
00361nam a22001577a 4500
003
MPLRDC
005
20220104114401.0
008
210129b ||||| |||| 00| 0 eng d
082
_a
848.4 LBY-2
100
_a
刘宾雁
245
_a
艰难的起飞
_c
260
_a
_b
国泰出版社
_c
300
_b
平
650
_a
现代别集
942
_c
BK
_o
848.4 LBY-2
999
_c
7055
_d
7045